Máme smer, chýba nám rozmer Čím viac ľudstvo získava, tým viac stráca
Ekológia ako jedna zo základných otázok ľudského bytia. Podiel transformácie ekonomiky na stave životného prostredia. Environmentálna politika. Ekologické iniciatívy Slovenska. Ekologizácia výrobných procesov. Legislatíva a inštitúcie na ochranu životného prostredia. Ochrana ovzdušia. Monitoring kva...
Gespeichert in:
| 1. Verfasser: | |
|---|---|
| Format: | Buchkapitel |
| Sprache: | Slowakisch |
| Schlagworte: | |
| Tags: |
Keine Tags, Fügen Sie das erste Tag hinzu!
|
MARC
| LEADER | 00000naa a2200000 4500 | ||
|---|---|---|---|
| 001 | r016581 | ||
| 005 | 20221205090932.6 | ||
| 041 | 0 | |a slo | |
| 044 | |a SK | ||
| 245 | 1 | 0 | |a Máme smer, chýba nám rozmer |b Čím viac ľudstvo získava, tým viac stráca |c O. Luptáková |
| 520 | |a Ekológia ako jedna zo základných otázok ľudského bytia. Podiel transformácie ekonomiky na stave životného prostredia. Environmentálna politika. Ekologické iniciatívy Slovenska. Ekologizácia výrobných procesov. Legislatíva a inštitúcie na ochranu životného prostredia. Ochrana ovzdušia. Monitoring kvality ovzdušia. Podiel jednotlivých rezortov na znečistení ovzdušia. Uplatňovanie ekonomických nástrojov na ochranu životného prostredia. | ||
| 610 | 2 | 0 | |a ekológia |
| 610 | 2 | 0 | |a ochrana prostredia životného |
| 610 | 2 | 0 | |a Slovensko |
| 610 | 2 | 0 | |a kvalita ovzdušia |
| 610 | 2 | 0 | |a znečistenie ovzdušia |
| 610 | 2 | 0 | |a proces výrobný |
| 610 | 2 | 0 | |a nástroje ekonomické |
| 610 | 2 | 0 | |a MŽP SR Bratislava |
| 610 | 2 | 0 | |a politika environmentálna |
| 610 | 2 | 0 | |a správa štátna |
| 100 | 1 | |a Luptáková, O. | |